=LDR 00000nam 2200000 4500 =001 INLIS000000000039672 =005 20141104090847.0 =006 =007 =008 ind =035 ##$$0010-061300000039672 =041 ##$$a ind =082 ##$$a 92 (Mandala) =090 ##$$a 92 (Mandala), Sit n =100 ##$$a SITI MARYANI =245 ##$$a Nelson mandela, Perjalanan panjang menuju kebebasan(Long walk to freedom), Siti maryani;Editor, Rose kusumaningratri =260 ##$$a 2010 $b Yogyakarta =300 ##$$a 185 Hlm, 19 cm =650 ##$$a MANDELA, Nelson, 1918 =700 ##$$a KUSUMANINGRATRI, Rose =850 ##$$a NBPNMAT =990 ##$$a 94113/BPAP-NTB/2014 =990 ##$$a 21195703/BPAP-NTB/2014 =990 ##$$a 0001/BPAP-NTB/20142015 =990 ##$$a 71557155 =990 ##$$a 01201807155 =990 ##$$a 21414097 =990 ##$$a 21414098 =990 ##$$a 21414099 =990 ##$$a 21414100 =990 ##$$a 21414101 =990 ##$$a 0001/BPAP-NTB/20142015